000 00629cam a22002293a 4500
001 11075
003 PGUSA
005 20140828083232.0
008 040201s2004||||xxu|||||s|||||000 1 eng d
040 _aPGUSA
_beng
042 _adc
050 4 _aPT
100 1 _aFalke, Gustav,
_d1853-1916
245 1 0 _aDer Mann im Nebel
_h[electronic resource] /
_cGustav Falke
260 _bProject Gutenberg,
_c2004
506 _aPublic domain in the USA.
516 _aElectronic text
653 _aGermany, Northern -- Fiction
830 0 _aProject Gutenberg
_v11075
856 4 0 _uhttp://www.gutenberg.org/ebooks/11075
942 _cEB
999 _c240330
_d240330